000 00303nam a22001337a 4500
008 170220b xxu||||| |||| 00| 0 eng d
020 _a9781416056270
041 _aeng
080 _27TH
_a615
100 _a5
101 _aSHF
245 _aBUILDING A MEDICAL VOCABULARY
_cLEONARD, P.C
942 _2udc
_cBK
999 _c5819
_d5819